Doğanın Bir yılı OCAK (Record no. 662869)

MARC details
000 -LEADER
sabit uzunluktaki kontrol alanı 00256nam a2200097Ia 4500
001 - KONTROL NUMARASI
kontrol alanı 662869
005 - EN SON İŞLEMİN TARİH VE ZAMANI
kontrol alanı 20250826160201.0
008 - SABİT-UZUNLUKTA VERİ ÖĞELERİ--GENEL BİLGİ
sabit uzunluktaki kontrol alanı 250824s9999 xx 000 0 und d
245 #0 - ESER / YAZAR
ESER ADI Doğanın Bir yılı OCAK
Yazar Adı RUTH SYMONS
260 ## - YAYIN, DAĞITIM, VB.
YAYIN EVİ TÜBİTAK POPÜLER BİLİM
Holdings
Düşüm durumu Kayıp durumu Hasar Durumu Ödünç verilmez Ana kütüphane Geçerli Kütüphane Edinilen tarih Toplam ödünç verme sayısı Barkod Son görüntüleme tarihi Son ödünç verme tarihi Fiyatın geçerli olmaya başladığı tarih Koha materyal türü
        SELÇUKLU İMAM HATİP ORTAOKULU SELÇUKLU İMAM HATİP ORTAOKULU 24.08.2025 3 10122562 06.03.2026 12.02.2026 26.08.2025 Books